[Event "Havana op"]
[Site "Havana"]
[Date "1993.??.??"]
[Round "?"]
[White "Diaz Labrada, Augusto"]
[Black "Ponce, Hiram"]
[Result "1-0"]
[WhiteElo "2285"]
[BlackElo "2335"]
[PlyCount "75"]
[EventDate "1993.??.??"]
[EventType "swiss"]
[EventRounds "9"]
[EventCountry "CUB"]
[SourceTitle "EXT 1998"]
[Source "ChessBase"]
[SourceDate "1997.11.17"]
[SourceVersion "1"]
[SourceVersionDate "1997.11.17"]
[SourceQuality "1"]

1. c4 Nf6 2. Nc3 c5 3. Nf3 e6 4. g3 b6 5. Bg2 Bb7 6. 0-0 Nc6 7. b3 Be7 8. Bb2 a6 9. d4 cxd4 10. Nxd4 Qc7 11. e4 Rc8 12. Rc1 Qb8 13. Re1 0-0 14. e5 Ne8 15. Nf3 d6 16. exd6 Nxd6 17. Nd5 Bd8 18. Nf4 Nf5 19. Nh5 Be7 20. Ne5 Rfd8 21. Qg4 g6 22. Nxc6 Bxc6 23. Bxc6 Rxc6 24. Nf6+ Bxf6 25. Bxf6 Rd2 26. Rcd1 Rcd6 27. Rxd2 Rxd2 28. Rd1 Rxd1+ 29. Qxd1 h5 30. a4 Kh7 31. Qd7 Qf8 32. h4 g5 33. hxg5 Kg6 34. Qb7 Qb4 35. Qa8 Qe1+ 36. Kg2 Nd6 37. Qg8+ Kf5 38. Qh7+ 1-0

[Event "Holguin"]
[Site "Holguin"]
[Date "1992.??.??"]
[Round "?"]
[White "Leyva, Hector"]
[Black "Ponce, Hiram"]
[Result "1-0"]
[WhiteElo "2295"]
[BlackElo "2280"]
[PlyCount "73"]
[EventDate "1992.??.??"]
[EventType "tourn"]
[EventRounds "8"]
[EventCountry "CUB"]
[SourceTitle "EXT 1998"]
[Source "ChessBase"]
[SourceDate "1997.11.17"]
[SourceVersion "1"]
[SourceVersionDate "1997.11.17"]
[SourceQuality "1"]

1. d4 Nf6 2. c4 e6 3. Nc3 Bb4 4. Qc2 c5 5. dxc5 Na6 6. a3 Bxc3+ 7. Qxc3 Nxc5 8. b4 Nce4 9. Qc2 d5 10. f3 Nd6 11. c5 Nf5 12. e3 0-0 13. g4 Nh4 14. Bb2 Re8 15. Qf2 Nd7 16. Ne2 a5 17. g5 Ng6 18. f4 axb4 19. axb4 Rxa1+ 20. Bxa1 e5 21. f5 Ngf8 22. h4 e4 23. Bd4 b6 24. c6 Ne5 25. Bxe5 Rxe5 26. Nd4 Qd6 27. b5 Bxf5 28. Bg2 Bc8 29. 0-0 Re7 30. Ra1 Qc7 31. Ra8 Ng6 32. Bh3 Re8 33. Qh2 Qxh2+ 34. Kxh2 Ne7 35. Nf5 Nxf5 36. Bxf5 d4 37. Rxc8 1-0

[Event "Fuerteventura op"]
[Site "Fuerteventura"]
[Date "1992.??.??"]
[Round "?"]
[White "Ponce, Hiram"]
[Black "Arencibia Rodriguez, Walter"]
[Result "0-1"]
[WhiteElo "2280"]
[BlackElo "2535"]
[PlyCount "86"]
[EventDate "1992.??.??"]
[EventType "swiss"]
[EventRounds "11"]
[EventCountry "CUB"]
[SourceTitle "EXT 2003"]
[Source "ChessBase"]
[SourceDate "2002.11.25"]
[SourceVersion "1"]
[SourceVersionDate "2002.11.25"]
[SourceQuality "1"]

1. e4 e5 2. Nf3 Nc6 3. d4 exd4 4. Nxd4 Bc5 5. Be3 Qf6 6. c3 Nge7 7. Bc4 b6 8. 0-0 0-0 9. Re1 Bb7 10. Nxc6 Bxc6 11. Nd2 Ng6 12. Qf3 Qd6 13. Bxc5 Qxc5 14. Qe3 Qe7 15. f4 Rae8 16. Qf2 Qf6 17. g3 d6 18. Rad1 Rd8 19. Be2 Rfe8 20. Bf3 Nf8 21. Nb3 Ba8 22. Nd4 a6 23. Qg2 Qg6 24. Re3 Nd7 25. Rde1 Nc5 26. Qe2 b5 27. e5 Bxf3 28. Nxf3 d5 29. Rd1 Qb6 30. Kg2 b4 31. cxb4 Qxb4 32. a3 Qb7 33. Rd4 a5 34. Kg1 Nb3 35. Rd1 d4 36. Red3 c5 37. Qc2 a4 38. Ng5 h6 39. Nf3 Qd5 40. Nd2 Nxd2 41. R3xd2 Rb8 42. Qxa4 Rec8 43. Qc2 Qb3 0-1

[Event "Fuerteventura op"]
[Site "Fuerteventura"]
[Date "1992.??.??"]
[Round "?"]
[White "Ponce, Hiram"]
[Black "Barredo Duran, Luis"]
[Result "1/2-1/2"]
[WhiteElo "2280"]
[BlackElo "2235"]
[PlyCount "93"]
[EventDate "1992.??.??"]
[EventType "swiss"]
[EventRounds "11"]
[EventCountry "CUB"]
[SourceTitle "EXT 2003"]
[Source "ChessBase"]
[SourceDate "2002.11.25"]
[SourceVersion "1"]
[SourceVersionDate "2002.11.25"]
[SourceQuality "1"]

1. e4 e6 2. d4 d5 3. Nc3 Nf6 4. e5 Nfd7 5. f4 c5 6. Nf3 Nc6 7. Be3 a6 8. Qd2 b5 9. dxc5 Bxc5 10. Bxc5 Nxc5 11. Qf2 Qb6 12. Bd3 b4 13. Ne2 a5 14. 0-0 0-0 15. Kh1 f6 16. exf6 Rxf6 17. Qe3 Nd7 18. Qxb6 Nxb6 19. Ned4 Nxd4 20. Nxd4 Bd7 21. g3 Na4 22. b3 Nc5 23. a3 bxa3 24. Kg1 Rb8 25. Rfb1 Rb4 26. Nf3 a4 27. Ne5 Rf8 28. Nxd7 Nxd7 29. bxa4 Rxa4 30. Rb3 Rfa8 31. Bb5 R4a7 32. Bxd7 Rxd7 33. Rbxa3 Rc8 34. Ra8 Rdc7 35. Rxc8+ Rxc8 36. Re1 Rxc2 37. Rxe6 Kf7 38. Rd6 Rd2 39. Rd7+ Kf6 40. Kf1 h6 41. Ke1 Rxh2 42. Rxd5 Rg2 43. Rd3 Kf5 44. Kf1 Ra2 45. Rd7 g5 46. fxg5 hxg5 47. Rd5+ 1/2-1/2

[Event "Holguin"]
[Site "Holguin"]
[Date "1992.??.??"]
[Round "?"]
[White "Ponce, Hiram"]
[Black "Leyva Proenza, Ricardo"]
[Result "0-1"]
[WhiteElo "2280"]
[BlackElo "2275"]
[PlyCount "36"]
[EventDate "1992.??.??"]
[EventType "tourn"]
[EventRounds "8"]
[EventCountry "CUB"]
[SourceTitle "EXT 1998"]
[Source "ChessBase"]
[SourceDate "1997.11.17"]
[SourceVersion "1"]
[SourceVersionDate "1997.11.17"]
[SourceQuality "1"]

1. e4 e5 2. Nf3 Nc6 3. d4 exd4 4. Nxd4 Bc5 5. Be3 Qf6 6. c3 Nge7 7. Bc4 0-0 8. 0-0 Bb6 9. f4 d5 10. e5 Qh6 11. Bd3 Nxe5 12. Be2 N5c6 13. Qd2 Nxd4 14. Bxd4 Nf5 15. Bf2 Re8 16. Bf3 Ne3 17. Re1 Qxf4 18. Qxd5 Bf5 0-1